[Event "EU-ch Rapid"]
[Site "Zagreb"]
[Date "2023.12.14"]
[Round "1"]
[White "Stevic, Hrvoje"]
[Black "Cordeiro, Joao Carlos Santos"]
[Result "1-0"]
[WhiteElo "2541"]
[BlackElo "1977"]
[PlyCount "123"]
[EventDate "2023.12.14"]
[EventType "swiss (rapid)"]
[EventRounds "11"]
[EventCountry "CRO"]
[SourceTitle "CBM 217 Extra"]
[Source "ChessBase"]
[SourceDate "2024.01.31"]
[SourceVersion "1"]
[SourceVersionDate "2024.01.31"]
[SourceQuality "1"]

1. e4 c6 2. Nc3 d5 3. Nf3 Bg4 4. h3 Bxf3 5. Qxf3 e6 6. Be2 Nf6 7. 0-0 Be7 8. d4 dxe4 9. Qe3 Nbd7 10. Nxe4 Nxe4 11. Qxe4 Nf6 12. Qd3 0-0 13. Rd1 Qc7 14. Bf3 Rfd8 15. Qb3 Qb6 16. c3 Rd7 17. Bf4 Rad8 18. Qxb6 axb6 19. a4 Bd6 20. Bxd6 Rxd6 21. a5 bxa5 22. Rxa5 b6 23. Raa1 Kf8 24. Re1 c5 25. dxc5 bxc5 26. Ra5 Nd7 27. Rb5 Rb8 28. c4 Rdb6 29. Re3 Ke7 30. Be2 Rxb5 31. cxb5 Nb6 32. Ra3 Rb7 33. Ra6 Kd7 34. Kf1 Nd5 35. Ke1 Nc7 36. Ra5 Nd5 37. Kd2 Kc7 38. g3 g6 39. h4 h5 40. Ra6 Rb6 41. Ra5 Rb7 42. Kc2 Kb6 43. Ra6+ Kc7 44. Rc6+ Kd7 45. Rxc5 Rc7 46. Rxc7+ Kxc7 47. Kd3 Nb6 48. Kd4 Kd6 49. f4 f6 50. Bd3 f5 51. Bf1 Nd7 52. Bg2 e5+ 53. fxe5+ Nxe5 54. b6 Nd7 55. b7 Nb8 56. Bf1 Nc6+ 57. Ke3 Kc7 58. Kf4 Nd4 59. Kg5 Kxb7 60. Kxg6 Kc7 61. Kxh5 Kd6 62. Kg6 1-0

[Event "Maia op 7th"]
[Site "Maia"]
[Date "2023.08.25"]
[Round "1"]
[White "Cordeiro, Joao Carlos Santos"]
[Black "Zwirs, Nico"]
[Result "0-1"]
[WhiteElo "2059"]
[BlackElo "2442"]
[PlyCount "156"]
[EventDate "2023.08.25"]
[EventType "swiss"]
[EventRounds "9"]
[EventCountry "POR"]
[SourceTitle "CBM 216 Extra"]
[Source "ChessBase"]
[SourceDate "2023.11.30"]
[SourceVersion "1"]
[SourceVersionDate "2023.11.30"]
[SourceQuality "1"]

1. d4 Nf6 2. Nf3 d5 3. g3 c5 4. c3 Nc6 5. Bg2 e6 6. 0-0 Bd6 7. Bg5 h6 8. Bxf6 Qxf6 9. e3 0-0 10. Nbd2 cxd4 11. exd4 Bd7 12. a4 Rfc8 13. Re1 Rab8 14. Qe2 Bf8 15. a5 Qd8 16. Nb3 b6 17. axb6 Qxb6 18. Nfd2 a5 19. Ra2 Ra8 20. Rea1 Re8 21. Bf1 Qc7 22. Nf3 Bd6 23. Nc5 Bxc5 24. dxc5 e5 25. Qd2 Rab8 26. Bg2 Be6 27. Ra4 Rb3 28. Ne1 Reb8 29. Bxd5 Rxb2 30. Qd1 Bxd5 31. Qxd5 Rd8 32. Qe4 Qd7 33. Nf3 Qd5 34. Qxd5 Rxd5 35. Rc4 Rb5 36. Kf1 Rdxc5 37. Rxc5 Rxc5 38. Ra3 Rb5 39. Nd2 f5 40. Ke2 Kf7 41. f3 Ke6 42. Ra4 g6 43. h4 h5 44. Kd3 Rb2 45. Nc4 Rg2 46. Nxa5 e4+ 47. fxe4 Ne5+ 48. Ke3 Rxg3+ 49. Kf2 f4 50. Nc4 Nd3+ 51. Kf1 f3 52. Ra6+ Ke7 53. Ra7+ Kf8 54. Ra8+ Ke7 55. Ra7+ Kd8 56. Rf7 f2 57. Rxf2 Nxf2 58. Kxf2 Rg4 59. Ne5 Rxh4 60. Nxg6 Rg4 61. Ne5 Rxe4 62. Nf3 Ke7 63. Kg3 Kf6 64. Nd4 Re3+ 65. Kh4 Kg6 66. Nc2 Rxc3 67. Ne1 Rc4+ 68. Kg3 h4+ 69. Kg2 Kh5 70. Nf3 Rc2+ 71. Kh1 Kg4 72. Nh2+ Kf4 73. Kg1 h3 74. Nf1 Rg2+ 75. Kh1 Kf3 76. Nh2+ Kf2 77. Nf3 Kg3 78. Nd4 Rf2 0-1

[Event "Leca da Palmeira op 2nd"]
[Site "Leca da Palmeira"]
[Date "2023.08.04"]
[Round "7"]
[White "Pinto, Jose Joao Meireles"]
[Black "Cordeiro, Joao Carlos Santos"]
[Result "1/2-1/2"]
[WhiteElo "1460"]
[BlackElo "2064"]
[PlyCount "117"]
[EventDate "2023.07.31"]
[EventType "swiss"]
[EventRounds "9"]
[EventCountry "POR"]
[SourceTitle "CBM 215 Extra"]
[Source "ChessBase"]
[SourceDate "2023.09.30"]
[SourceVersion "1"]
[SourceVersionDate "2023.09.30"]
[SourceQuality "1"]

1. d4 Nf6 2. Bf4 d5 3. e3 c5 4. Nd2 Nc6 5. c3 Bf5 6. Qb3 Qd7 7. Ngf3 c4 8. Qd1 e6 9. Nh4 Bd6 10. Bxd6 Qxd6 11. Nxf5 exf5 12. g3 0-0 13. Bg2 b5 14. 0-0 Ne4 15. f3 Nxd2 16. Qxd2 Rfe8 17. Rae1 Rab8 18. e4 Ne7 19. exd5 Nxd5 20. Rxe8+ Rxe8 21. Re1 Rxe1+ 22. Qxe1 Qe6 23. Qxe6 fxe6 24. f4 Nc7 25. Kf2 Kf7 26. Bf3 Ke7 27. Ke3 Kd6 28. h3 h6 29. h4 g6 30. Kd2 Ne8 31. Ke3 Nf6 32. Kd2 Nd7 33. Be2 Nb6 34. Bd1 a5 35. a3 Nd5 36. Be2 Nb6 37. Bd1 Kd5 38. Bf3+ Kd6 39. Bd1 Ke7 40. Bf3 Kd7 41. Bd1 Ke7 42. Bf3 Kd6 43. Bd1 Kc7 44. Ke3 Nd5+ 45. Kd2 Kb6 46. Be2 Kc6 47. Bf3 Kd6 48. Be2 Nb6 49. Bd1 a4 50. Bf3 Nd5 51. Bxd5 exd5 52. Ke3 Ke6 53. Kf3 Kf6 54. Kf2 g5 55. hxg5+ hxg5 56. fxg5+ Kg6 57. Kg2 Kh5 58. Kf2 Kg6 59. Kg2 1/2-1/2

[Event "Leca da Palmeira op 2nd"]
[Site "Leca da Palmeira"]
[Date "2023.08.01"]
[Round "3"]
[White "Andrade, Ricardo Sarmento"]
[Black "Cordeiro, Joao Carlos Santos"]
[Result "1/2-1/2"]
[WhiteElo "1772"]
[BlackElo "2064"]
[PlyCount "105"]
[EventDate "2023.07.31"]
[EventType "swiss"]
[EventRounds "9"]
[EventCountry "POR"]
[SourceTitle "CBM 215 Extra"]
[Source "ChessBase"]
[SourceDate "2023.09.30"]
[SourceVersion "1"]
[SourceVersionDate "2023.09.30"]
[SourceQuality "1"]

1. d4 Nf6 2. Bf4 d5 3. e3 e6 4. Nd2 c5 5. c3 Qb6 6. Rb1 Bd6 7. Bxd6 Qxd6 8. Ngf3 cxd4 9. exd4 Nc6 10. Bd3 0-0 11. 0-0 a6 12. Re1 Qc7 13. Ne5 g6 14. Nxc6 bxc6 15. b4 Nd7 16. Nb3 e5 17. Nc5 e4 18. Nxd7 Bxd7 19. Bf1 f5 20. c4 Qd6 21. Qa4 f4 22. Qa5 Bf5 23. cxd5 cxd5 24. Rbc1 Rab8 25. a3 e3 26. Qc5 Qe6 27. Qc6 Qe4 28. fxe3 fxe3 29. Qc3 Rbc8 30. Qb2 Rxc1 31. Qxc1 Re8 32. Qc3 Qf4 33. Qb2 Be4 34. g3 Qf3 35. Bg2 Qxg2+ 36. Qxg2 Bxg2 37. Kxg2 Re4 38. Kf3 Rxd4 39. Rxe3 Kf7 40. Rc3 Rd2 41. h4 d4 42. Rc7+ Kg8 43. a4 Rb2 44. Rc4 d3 45. Ke3 d2 46. Ke2 Kf8 47. a5 Ke8 48. Rc6 Rxb4 49. Kxd2 Rb3 50. Rxa6 Rxg3 51. Ra7 Ra3 52. Rxh7 Rxa5 53. Ke3 1/2-1/2

[Event "Lisbon Portugal rapid op"]
[Site "Lisbon"]
[Date "2022.09.03"]
[Round "5"]
[White "Avramescu, Paul Mihai"]
[Black "Cordeiro, Joao Carlos Santos"]
[Result "1-0"]
[WhiteElo "2008"]
[BlackElo "2054"]
[PlyCount "91"]
[EventDate "2022.09.03"]
[EventType "swiss (rapid)"]
[EventRounds "11"]
[EventCountry "POR"]
[SourceTitle "CBM 210 Extra"]
[Source "ChessBase"]
[SourceDate "2022.11.30"]
[SourceVersion "1"]
[SourceVersionDate "2022.11.30"]
[SourceQuality "1"]

1. d4 Nf6 2. Nf3 d5 3. c4 e6 4. Bg5 h6 5. Bxf6 Qxf6 6. Nc3 Qd8 7. e3 b6 8. cxd5 exd5 9. Qb3 Bb7 10. Bb5+ c6 11. Bd3 Be7 12. 0-0 0-0 13. Rac1 Nd7 14. Rfd1 Nf6 15. Bb1 Rc8 16. Ne5 Bd6 17. Qc2 Qe7 18. Qf5 c5 19. Nb5 Bb8 20. Ng4 Ne4 21. Ne5 Bxe5 22. dxe5 Qg5 23. Bxe4 dxe4 24. Qf4 Qxf4 25. exf4 Rcd8 26. Nd6 Bc6 27. Nf5 Rd3 28. Ne7+ Kh7 29. Nxc6 Rxd1+ 30. Rxd1 Rc8 31. Nxa7 Rc7 32. Nb5 Rb7 33. Rd6 c4 34. g3 g6 35. Rd4 Kg7 36. Rxc4 Rd7 37. Rxe4 Rd2 38. Rb4 h5 39. h4 Kf8 40. Nd6 Ke7 41. Nc8+ Ke6 42. Rxb6+ Kf5 43. Kg2 Kg4 44. Nd6 f5 45. Nf7 g5 46. Nh6# 1-0

[Event "Leca da Palmeira op 1st"]
[Site "Leca da Palmeira"]
[Date "2022.08.02"]
[Round "5"]
[White "Panesar, Vedant"]
[Black "Cordeiro, Joao Carlos Santos"]
[Result "1-0"]
[WhiteElo "2318"]
[BlackElo "2048"]
[PlyCount "59"]
[EventDate "2022.07.31"]
[EventType "swiss"]
[EventRounds "9"]
[EventCountry "POR"]
[SourceTitle "CBM 209 Extra"]
[Source "ChessBase"]
[SourceDate "2022.09.30"]
[SourceVersion "1"]
[SourceVersionDate "2022.09.30"]
[SourceQuality "1"]

1. d4 Nf6 2. Nf3 e6 3. c4 d5 4. Nc3 Be7 5. Bg5 0-0 6. e3 Nbd7 7. cxd5 exd5 8. Bd3 c6 9. Qc2 Re8 10. h3 Nf8 11. 0-0 g6 12. Bh6 Ne6 13. Ne5 Ng7 14. g4 Nd7 15. f4 Nxe5 16. dxe5 Bf8 17. Qf2 Ne6 18. Bxf8 Rxf8 19. f5 Nc5 20. Rad1 Nxd3 21. Rxd3 b6 22. f6 Qe8 23. Qf4 Kh8 24. Re1 Bb7 25. e4 Qe6 26. Rd4 Rad8 27. exd5 Rxd5 28. Nxd5 c5 29. Qh6 Rg8 30. Ne7 1-0

[Event "Lisbon Portugal rapid 2op"]
[Site "Lisbon"]
[Date "2020.02.02"]
[Round "2"]
[White "Cordeiro, Joao Carlos Santos"]
[Black "Guerra, Vitor Manuel Vestia"]
[Result "1-0"]
[WhiteElo "1972"]
[BlackElo "2108"]
[PlyCount "65"]
[EventDate "2020.01.02"]
[EventType "swiss (rapid)"]
[EventRounds "8"]
[EventCountry "POR"]
[SourceTitle "CBM 194 Extra"]
[Source "ChessBase"]
[SourceDate "2020.03.31"]
[SourceVersion "1"]
[SourceVersionDate "2020.03.31"]
[SourceQuality "1"]

1. e4 c5 2. c4 e6 3. Nc3 Nc6 4. g3 Nf6 5. Bg2 Be7 6. Nge2 d6 7. d3 0-0 8. a3 Rb8 9. Rb1 a6 10. b4 cxb4 11. axb4 b5 12. cxb5 axb5 13. 0-0 d5 14. exd5 exd5 15. Bf4 Rb7 16. Bg5 Be6 17. Nf4 Ne8 18. Bxe7 Nxe7 19. Re1 Nc7 20. Nce2 g5 21. Nxe6 fxe6 22. Nd4 Qd6 23. Qg4 e5 24. Qxg5+ Ng6 25. Nf5 Qf6 26. Nh6+ Kg7 27. Qxf6+ Rxf6 28. Ng4 Re6 29. Rbc1 h5 30. Ne3 Ne7 31. Rc2 Rd6 32. Rec1 Rd7 33. Bh3 1-0

[Event "Lisbon Portugal rapid 2op"]
[Site "Lisbon"]
[Date "2020.02.02"]
[Round "3"]
[White "Gahan, MG."]
[Black "Cordeiro, Joao Carlos Santos"]
[Result "1-0"]
[WhiteElo "2231"]
[BlackElo "1972"]
[PlyCount "101"]
[EventDate "2020.01.02"]
[EventType "swiss (rapid)"]
[EventRounds "8"]
[EventCountry "POR"]
[SourceTitle "CBM 194 Extra"]
[Source "ChessBase"]
[SourceDate "2020.03.31"]
[SourceVersion "1"]
[SourceVersionDate "2020.03.31"]
[SourceQuality "1"]

1. e4 e5 2. Nf3 Nc6 3. d4 exd4 4. Nxd4 Bc5 5. Nxc6 Qf6 6. Qd2 dxc6 7. Nc3 Ne7 8. Na4 Bb6 9. Bd3 Ng6 10. 0-0 0-0 11. Nxb6 axb6 12. f4 Qd4+ 13. Kh1 c5 14. c3 Qd7 15. Qe2 Qe7 16. e5 f6 17. Bc4+ Kh8 18. exf6 Qxf6 19. Bd2 Bd7 20. Qh5 Bc6 21. Rf2 Qh4 22. Qxh4 Nxh4 23. Kg1 Rad8 24. Bf1 Rd7 25. Be1 Rfd8 26. Re2 Ng6 27. g3 Re7 28. Kf2 Rxe2+ 29. Bxe2 Ne7 30. Rd1 Rxd1 31. Bxd1 Kg8 32. g4 Nd5 33. Bd2 b5 34. h4 b4 35. cxb4 Nxb4 36. Bc3 Nd5 37. Be5 b5 38. Bc2 h6 39. g5 hxg5 40. fxg5 c4 41. a3 b4 42. h5 c3 43. h6 cxb2 44. Bxb2 bxa3 45. Bxg7 Nb4 46. Bf5 Bd7 47. Bxd7 Nd3+ 48. Ke3 Nc5 49. Bc6 a2 50. Bd5+ Kh7 51. Bf7 1-0

[Event "Lisbon Portugal rapid 2op"]
[Site "Lisbon"]
[Date "2020.02.02"]
[Round "5"]
[White "Vasli, Aref"]
[Black "Cordeiro, Joao Carlos Santos"]
[Result "1-0"]
[WhiteElo "2373"]
[BlackElo "1972"]
[PlyCount "81"]
[EventDate "2020.01.02"]
[EventType "swiss (rapid)"]
[EventRounds "8"]
[EventCountry "POR"]
[SourceTitle "CBM 194 Extra"]
[Source "ChessBase"]
[SourceDate "2020.03.31"]
[SourceVersion "1"]
[SourceVersionDate "2020.03.31"]
[SourceQuality "1"]

1. e4 c5 2. Nf3 d6 3. Bb5+ Bd7 4. Bd3 Nc6 5. c3 g6 6. 0-0 Bg7 7. Bc2 e6 8. d4 cxd4 9. cxd4 Nge7 10. Nc3 Nb4 11. Bb3 0-0 12. a3 Nbc6 13. Bf4 e5 14. Bg5 h6 15. Be3 Bg4 16. Ne2 Kh7 17. dxe5 dxe5 18. Nc3 f5 19. Nd5 fxe4 20. Ng5+ hxg5 21. Qxg4 Nxd5 22. Qh3+ Bh6 23. Bxd5 Qxd5 24. Bxg5 Kg8 25. Qxh6 Qf7 26. Rae1 Qh7 27. Qxh7+ Kxh7 28. Rxe4 Rf7 29. Rd1 Raf8 30. Be3 Rc7 31. b4 a6 32. Bb6 Rcf7 33. g3 Rg7 34. Kg2 Rff7 35. a4 Rd7 36. Rxd7 Rxd7 37. b5 axb5 38. axb5 Nd4 39. Rxe5 Nf5 40. g4 Nd6 41. Rd5 1-0

[Event "EU-ch U18"]
[Site "Bratislava"]
[Date "2019.08.10"]
[Round "9"]
[White "Eftovski, Mateo"]
[Black "Cordeiro, Joao Carlos Santos"]
[Result "1/2-1/2"]
[WhiteElo "1726"]
[BlackElo "1973"]
[PlyCount "45"]
[EventDate "2019.08.02"]
[EventType "swiss"]
[EventRounds "9"]
[EventCountry "SVK"]
[SourceTitle "CBM 191 Extra"]
[Source "ChessBase"]
[SourceDate "2019.09.30"]
[SourceVersion "1"]
[SourceVersionDate "2019.09.30"]
[SourceQuality "1"]

1. d4 Nf6 2. c4 e6 3. Nc3 d5 4. Bf4 Bd6 5. Bxd6 Qxd6 6. c5 Qd8 7. Nf3 c6 8. e3 Nbd7 9. Be2 0-0 10. 0-0 Re8 11. Re1 Qc7 12. b4 e5 13. a4 h6 14. b5 Ne4 15. Qc2 Nxc3 16. Qxc3 e4 17. Nd2 f5 18. a5 Nf6 19. a6 bxa6 20. bxc6 Re6 21. Bxa6 Bxa6 22. Rxa6 Rxc6 23. Rea1 1/2-1/2

[Event "EU-ch U18"]
[Site "Bratislava"]
[Date "2019.08.03"]
[Round "2"]
[White "Cordeiro, Joao Carlos Santos"]
[Black "Riha, Vojtech"]
[Result "1-0"]
[WhiteElo "1973"]
[BlackElo "2197"]
[PlyCount "93"]
[EventDate "2019.08.02"]
[EventType "swiss"]
[EventRounds "9"]
[EventCountry "SVK"]
[SourceTitle "CBM 191 Extra"]
[Source "ChessBase"]
[SourceDate "2019.09.30"]
[SourceVersion "1"]
[SourceVersionDate "2019.09.30"]
[SourceQuality "1"]

1. e4 c5 2. c4 Nc6 3. Nc3 g6 4. g3 Bg7 5. Bg2 d6 6. Nge2 e6 7. d3 Nge7 8. 0-0 0-0 9. a3 Rb8 10. Rb1 b6 11. b4 Bb7 12. Be3 Nd4 13. Qd2 e5 14. Bh6 Qd7 15. Bxg7 Kxg7 16. Nxd4 cxd4 17. Ne2 f5 18. f4 fxe4 19. dxe4 Rbc8 20. Rbc1 h6 21. Rc2 Qa4 22. Qd3 d5 23. exd5 Nxd5 24. Rd2 Ne3 25. Bxb7 Nxf1 26. Kxf1 Rc7 27. Bd5 exf4 28. Nxf4 Rf6 29. Kg2 Re7 30. Re2 Rxe2+ 31. Qxe2 Qd7 32. Ne6+ Kh7 33. Qe5 Rf7 34. Qxd4 Qe7 35. Nf4 Rf6 36. Qe4 Qf8 37. Qe3 Qd8 38. h4 Qf8 39. h5 gxh5 40. Nxh5 Rd6 41. Qe4+ Kh8 42. Nf4 Qd8 43. Qe5+ Kh7 44. Ne6 Qe7 45. Ng5+ Qxg5 46. Qxd6 Qd2+ 47. Kh3 1-0

[Event "Lisbon Portugal rapid op"]
[Site "Lisbon"]
[Date "2019.02.10"]
[Round "1"]
[White "Miezis, Normunds"]
[Black "Cordeiro, Joao Carlos Santos"]
[Result "1-0"]
[WhiteElo "2467"]
[BlackElo "1745"]
[PlyCount "61"]
[EventDate "2019.02.10"]
[EventType "swiss (rapid)"]
[EventRounds "8"]
[EventCountry "POR"]
[SourceTitle "CBM 188 Extra"]
[Source "ChessBase"]
[SourceDate "2019.02.28"]
[SourceVersion "1"]
[SourceVersionDate "2019.02.28"]
[SourceQuality "1"]

1. c4 e6 2. e4 d5 3. exd5 exd5 4. d4 Nf6 5. Nc3 Be7 6. Nf3 0-0 7. Be2 c6 8. 0-0 Bg4 9. Re1 Nbd7 10. Bg5 dxc4 11. Bxc4 Nb6 12. Bb3 h6 13. Bh4 Nfd5 14. Bxe7 Nxe7 15. h3 Bxf3 16. Qxf3 Ned5 17. Re5 Nxc3 18. bxc3 Nd7 19. Rf5 Nf6 20. Re1 Re8 21. Ree5 Qd6 22. g4 a5 23. g5 hxg5 24. Rxg5 a4 25. Bc4 b5 26. Qg3 Kf8 27. Rxg7 Rxe5 28. Rxf7+ Ke8 29. dxe5 Qd1+ 30. Kh2 bxc4 31. Rxf6 1-0

[Event "POR-ch U16"]
[Site "Luso"]
[Date "2018.03.26"]
[Round "4"]
[White "Maciel, Rafael Figueiredo C"]
[Black "Cordeiro, Joao Carlos Santos"]
[Result "0-1"]
[WhiteElo "1428"]
[BlackElo "1803"]
[PlyCount "68"]
[EventDate "2018.03.24"]
[EventType "swiss"]
[EventRounds "7"]
[EventCountry "POR"]
[SourceTitle "EXT 2019"]
[Source "ChessBase"]
[SourceDate "2018.10.10"]
[SourceVersion "1"]
[SourceVersionDate "2018.10.10"]
[SourceQuality "1"]

1. e4 e5 2. Nf3 Nc6 3. Bc4 Bc5 4. c3 Nf6 5. d3 d6 6. Nbd2 a6 7. a4 0-0 8. b4 Ba7 9. 0-0 h6 10. h3 Ne7 11. Re1 Ng6 12. Nf1 c6 13. Ng3 Qc7 14. d4 Re8 15. Qc2 d5 16. Bd3 exd4 17. cxd4 dxe4 18. Nxe4 Nxe4 19. Bxe4 Qd6 20. Bd2 Bd7 21. Bc3 Nf4 22. Bf5 Bxf5 23. Qxf5 Ne2+ 24. Rxe2 Rxe2 25. Kf1 Re6 26. Rd1 Qd5 27. Qf4 Qc4+ 28. Kg1 Qxc3 29. Ne5 Rf6 30. Qd2 Qxd2 31. Rxd2 Rd8 32. Nf3 Rxf3 33. gxf3 Rxd4 34. Rxd4 Bxd4 0-1

[Event "POR-ch U16"]
[Site "Luso"]
[Date "2018.03.25"]
[Round "3"]
[White "Cordeiro, Joao Carlos Santos"]
[Black "Antunes, Andre Rafael"]
[Result "1/2-1/2"]
[WhiteElo "1803"]
[BlackElo "1531"]
[PlyCount "78"]
[EventDate "2018.03.24"]
[EventType "swiss"]
[EventRounds "7"]
[EventCountry "POR"]
[SourceTitle "EXT 2019"]
[Source "ChessBase"]
[SourceDate "2018.10.10"]
[SourceVersion "1"]
[SourceVersionDate "2018.10.10"]
[SourceQuality "1"]

1. e4 c5 2. Nc3 Nc6 3. g3 g6 4. Bg2 Bg7 5. d3 d6 6. f4 e6 7. Nf3 Nge7 8. 0-0 0-0 9. Be3 Rb8 10. Qd2 a6 11. Bf2 Bd7 12. Nd1 Qc7 13. c3 b5 14. d4 cxd4 15. cxd4 d5 16. e5 Rfc8 17. Ne3 Qb6 18. Rac1 b4 19. b3 a5 20. g4 Na7 21. Rxc8+ Rxc8 22. Rc1 Rxc1+ 23. Qxc1 Qc6 24. Qxc6 Nexc6 25. Bf1 Nb8 26. Nd1 Nb5 27. Ne1 Bf8 28. Nc2 Na6 29. Bd3 Nac7 30. Be1 Na7 31. Kf2 Bb5 32. Ke3 Be7 33. Bxb5 Ncxb5 34. g5 h6 35. h4 hxg5 36. hxg5 Kf8 37. Kd3 Nc6 38. Nb2 Ke8 39. Nd1 Bf8 1/2-1/2

[Event "POR-ch U16"]
[Site "Luso"]
[Date "2017.04.09"]
[Round "3"]
[White "Cordeiro, Joao Carlos Santos"]
[Black "Pinto, Diogo Costa"]
[Result "1-0"]
[WhiteElo "1665"]
[BlackElo "1447"]
[PlyCount "93"]
[EventDate "2017.04.08"]
[EventType "swiss"]
[EventRounds "7"]
[EventCountry "POR"]
[SourceTitle "EXT 2018"]
[Source "ChessBase"]
[SourceDate "2017.10.13"]
[SourceVersion "1"]
[SourceVersionDate "2017.10.13"]
[SourceQuality "1"]

1. e4 c5 2. Nc3 Nc6 3. g3 d6 4. Bg2 g6 5. d3 Bg7 6. f4 Bd7 7. Nf3 e6 8. 0-0 Nge7 9. Be3 b6 10. Qe1 0-0 11. h3 Rc8 12. g4 d5 13. Bd2 Nd4 14. Rc1 Bc6 15. e5 Nxf3+ 16. Bxf3 d4 17. Bxc6 Nxc6 18. Ne4 Qe7 19. Qg3 Qc7 20. h4 Ne7 21. c3 dxc3 22. Bxc3 Nd5 23. Rcd1 Nxc3 24. bxc3 f5 25. Nd6 Rb8 26. gxf5 exf5 27. Qg5 Bf6 28. Qg3 Be7 29. Nc4 Qc6 30. h5 Qe6 31. hxg6 Qxg6 32. Qxg6+ hxg6 33. Rf2 Rf7 34. Rg2 Rg7 35. Kf2 Kf7 36. Ne3 Rd8 37. Ke2 Rdg8 38. Rdg1 g5 39. Nxf5 Rg6 40. Nxe7 Kxe7 41. Rxg5 Rxg5 42. Rxg5 Rxg5 43. fxg5 Ke6 44. g6 Ke7 45. Ke3 Kf8 46. e6 a5 47. c4 1-0

[Event "POR-ch U14"]
[Site "Luso"]
[Date "2015.07.25"]
[Round "5"]
[White "Silva, Joao Miguel Pereira"]
[Black "Cordeiro, Joao Carlos Santos"]
[Result "1/2-1/2"]
[WhiteElo "1480"]
[BlackElo "1564"]
[PlyCount "102"]
[EventDate "2015.07.22"]
[EventType "swiss"]
[EventRounds "7"]
[EventCountry "POR"]
[SourceTitle "EXT 2018"]
[Source "ChessBase"]
[SourceDate "2017.10.13"]
[SourceVersion "1"]
[SourceVersionDate "2017.10.13"]
[SourceQuality "1"]

1. c4 e6 2. Nc3 Nf6 3. g3 d5 4. cxd5 Nxd5 5. Bg2 c6 6. d3 Nd7 7. e4 N5f6 8. d4 Be7 9. Nge2 0-0 10. 0-0 Re8 11. f4 Nf8 12. Qc2 c5 13. d5 exd5 14. Nxd5 Nxd5 15. exd5 Bd6 16. Nc3 b6 17. Bd2 Bb7 18. Rad1 h6 19. Rfe1 Qd7 20. Be4 Bc8 21. Bd3 Rxe1+ 22. Rxe1 Qd8 23. Bb5 Bd7 24. Bd3 Qc7 25. Nb5 Bxb5 26. Bxb5 Rd8 27. Qc4 Nd7 28. Bc3 Bf8 29. Be5 Nxe5 30. fxe5 Qe7 31. d6 Rxd6 32. Re2 Rd4 33. Qb3 Rb4 34. Qd3 Qg5 35. b3 Rd4 36. Qf3 Rd1+ 37. Kg2 Rd2 38. Bc4 Rxe2+ 39. Qxe2 Qe7 40. Qf3 g6 41. e6 fxe6 42. Qe4 Kg7 43. Bxe6 Qd6 44. Bc4 Qd2+ 45. Qe2 Qxe2+ 46. Bxe2 Be7 47. Bc4 g5 48. g4 Kf6 49. Kf3 Ke5 50. Ke3 Bd6 51. h3 Be7 1/2-1/2

[Event "Lisbon Check Mate op 1st"]
[Site "Lisbon"]
[Date "2013.08.10"]
[Round "2.19"]
[White "Aguiar, Carlos Alberto Bran"]
[Black "Cordeiro, Joao Carlos Santos"]
[Result "1/2-1/2"]
[WhiteElo "1858"]
[BlackElo "1554"]
[PlyCount "85"]
[EventDate "2013.08.10"]
[EventType "swiss"]
[EventRounds "7"]
[EventCountry "POR"]
[SourceTitle "EXT 2015"]
[Source "ChessBase"]
[SourceDate "2014.11.20"]
[SourceVersion "1"]
[SourceVersionDate "2014.11.20"]
[SourceQuality "1"]

1. e4 e5 2. Nf3 Nc6 3. Bc4 Bc5 4. Qe2 h6 5. Bxf7+ Ke7 6. Bb3 Nf6 7. c3 d6 8. h3 Be6 9. Bxe6 Kxe6 10. d3 Re8 11. Be3 Bb6 12. Nbd2 Kf7 13. Nc4 Qd7 14. a4 Bxe3 15. Nxe3 Ne7 16. 0-0 Ng6 17. Nf5 Ne7 18. Nxe7 Rxe7 19. Nh2 c6 20. f4 exf4 21. Rxf4 Kg8 22. Ng4 Nxg4 23. Rxg4 d5 24. e5 Rae8 25. d4 c5 26. Qe3 Qc6 27. Qd3 Qb6 28. Qd2 cxd4 29. Qxd4 Qxb2 30. Re1 Qb3 31. Rg6 Re6 32. Rxe6 Rxe6 33. Rd1 Rxe5 34. Rf1 Re4 35. Qxa7 Rxa4 36. Qb8+ Kh7 37. Qc8 Qb6+ 38. Kh1 Qc6 39. Qf5+ Kg8 40. Qf8+ Kh7 41. Qf5+ Kh8 42. Qf8+ Kh7 43. Qf5+ 1/2-1/2

[Event "Lisbon Check Mate op 1st"]
[Site "Lisbon"]
[Date "2013.08.10"]
[Round "1.20"]
[White "Cordeiro, Joao Carlos Santos"]
[Black "Silva, Goncalo Nuno Neto"]
[Result "0-1"]
[WhiteElo "1554"]
[BlackElo "1946"]
[PlyCount "92"]
[EventDate "2013.08.10"]
[EventType "swiss"]
[EventRounds "7"]
[EventCountry "POR"]
[SourceTitle "EXT 2015"]
[Source "ChessBase"]
[SourceDate "2014.11.20"]
[SourceVersion "1"]
[SourceVersionDate "2014.11.20"]
[SourceQuality "1"]

1. e4 c5 2. Nf3 Nc6 3. d4 cxd4 4. Nxd4 g6 5. Nc3 Bg7 6. Be3 Nf6 7. Be2 0-0 8. 0-0 d5 9. exd5 Nxd5 10. Nxd5 Qxd5 11. c3 Nxd4 12. Bxd4 Bxd4 13. Qxd4 Qxd4 14. cxd4 Rd8 15. Rad1 Be6 16. b3 Rac8 17. Rd2 b6 18. Rfd1 Rc7 19. h4 h5 20. Bf3 Bd5 21. Bxd5 Rxd5 22. f3 Kg7 23. Kf2 Kf6 24. g4 Rc3 25. Rd3 Rc2+ 26. R3d2 Rxd4 27. Rxc2 Rxd1 28. g5+ Ke6 29. a4 Rd3 30. Rb2 Rd4 31. Rc2 Kd6 32. Kg3 Rd3 33. Rb2 f6 34. gxf6 exf6 35. Kf4 Rd4+ 36. Kg3 g5 37. hxg5 fxg5 38. b4 Rd3 39. a5 g4 40. Rf2 Rxf3+ 41. Rxf3 gxf3 42. Kxf3 bxa5 43. bxa5 Kc5 44. Kf4 Kb5 45. Kg5 Kxa5 46. Kxh5 Kb4 0-1